Němčina : cvičebnice středoškolské gramatiky /

Hlavní autor: Dubová, Jarmila, 1960-
Jazyk: Němčina
Čeština
Vydáno: Třebíč : Petra Velanová, 2009
Vydání: 1. vyd.
Edice: Maturita (Petra Velanová)
Témata:
Externí odkaz: Digitalizovaný dokument
Fyzický popis: 199 s. ; 24 cm
Knihy
Uloženo v:
LEADER 01854nam a2200517 a 4500
001 nkc20081835807
003 CZ PrNK
005 20090423113723.0
007 ta
008 081215s2009 xr d p 000 0 cze
015 |a cnb001835807 
020 |a 978-80-86873-10-7  |q (brož.) 
035 |a (OCoLC)320213532 
040 |a ABA001  |b cze  |d BOA001 
041 0 |a cze  |a ger 
072 7 |a 811.112.2  |x Němčina  |2 Konspekt  |9 11 
072 7 |a 37.016  |x Učební osnovy. Vyučovací předměty. Učebnice  |2 Konspekt  |9 22 
080 |a 811.112.2  |2 MRF 
080 |a 81'36  |2 MRF 
080 |a (075.3)  |2 MRF 
080 |a (076.3)  |2 MRF 
100 1 |a Dubová, Jarmila,  |d 1960-  |7 xx0018945  |4 aut 
245 1 0 |a Němčina :  |b cvičebnice středoškolské gramatiky /  |c [Jarmila Dubová] 
246 3 0 |a Němčina - cvičebnice středoškolské gramatiky 
246 3 0 |a Cvičebnice středoškolské gramatiky - němčina 
250 |a 1. vyd. 
260 |a Třebíč :  |b Petra Velanová,  |c 2009 
300 |a 199 s. ;  |c 24 cm 
490 1 |a Maturita 
504 |a Obsahuje bibliografické odkazy 
650 0 7 |a němčina  |7 ph115512  |2 czenas 
650 0 7 |a mluvnice  |7 ph115331  |2 czenas 
650 0 9 |a German language  |2 eczenas 
650 0 9 |a grammar  |2 eczenas 
655 7 |a učebnice středních škol  |7 fd133771  |2 czenas 
655 7 |a diktáty a cvičení  |7 fd186920  |2 czenas 
655 9 |a textbooks (secondary)  |2 eczenas 
655 9 |a language exercises and dictations  |2 eczenas 
830 0 |a Maturita (Petra Velanová)  |0 s 
856 4 1 |u http://www.digitalniknihovna.cz/mzk/uuid/uuid:47fc8a80-bb1f-11e3-b833-005056827e52  |y Digitalizovaný dokument  |x NDK 
910 2 |a BOA001  |b 2-1219.797 
928 9 |a Vyuka.cz 
990 |a BK 
995 |a 01 
991 |b 200903  |c NOV 
996 6 |b 2610369901  |c 2-1219.797  |l MZK  |r Sklad / do 1 hodiny  |n 5  |p p.v.  |w 000931822  |u 000010  |a 1  |e BOA001  |j MZK50  |s P